Контракты и внешнеторговая документация: учебное пособие для вузов

Chi tiết về thư mục
Tác giả chính: Кулешов А. В. Александр Викторович
Tác giả khác: Желтова Л. А. Людмила Алексеевна, Шишкина О. В. Ольга Владимировна
Tóm tắt:Учебное пособие по дисциплине "Контракты и внешнеторговая документация" разработано в соответствии с государственным образовательным стандартом высшего профессионального образования по специальности "Таможенное дело". В учебном пособии рассматриваются вопросы содержания внешнеторговых документов, предоставляемых в таможенные органы при осуществлении внешнеторговой сделки участниками ВЭД, а также приведены примеры по заполнению отдельных внешнеторговых документов, необходимых для осуществления контроля экспортно-импортных и бартерных сделок между резидентами и нерезидентами.
Ngôn ngữ:Tiếng Nga
Được phát hành: СПб., Троицкий мост, 2012
Những chủ đề:
Định dạng: MixedMaterials Sách
KOHA link:https://koha.lib.tpu.ru/cgi-bin/koha/opac-detail.pl?biblionumber=201029

MARC

LEADER 00000nam0a2200000 4500
001 201029
005 20231101225010.0
010 |a 9785437700020 
035 |a (RuTPU)RU\TPU\book\219122 
090 |a 201029 
100 |a 20110919d2012 m y0rusy50 ca 
101 0 |a rus 
102 |a RU 
105 |a a j 001zy 
200 1 |a Контракты и внешнеторговая документация  |e учебное пособие для вузов  |f А. В. Кулешов, Л. А. Желтова, О. В. Шишкина 
210 |a СПб.  |c Троицкий мост  |d 2012 
215 |a 256 с.  |c ил. 
320 |a Библиогр.: с. 208-210. 
330 |a Учебное пособие по дисциплине "Контракты и внешнеторговая документация" разработано в соответствии с государственным образовательным стандартом высшего профессионального образования по специальности "Таможенное дело". В учебном пособии рассматриваются вопросы содержания внешнеторговых документов, предоставляемых в таможенные органы при осуществлении внешнеторговой сделки участниками ВЭД, а также приведены примеры по заполнению отдельных внешнеторговых документов, необходимых для осуществления контроля экспортно-импортных и бартерных сделок между резидентами и нерезидентами. 
606 1 |a Внешняя торговля  |2 stltpush  |3 (RuTPU)RU\TPU\subj\36004  |9 57535 
610 1 |a внешнеторговая деятельность 
610 1 |a внешнеторговая документация 
610 1 |a внешнеторговые контракты 
610 1 |a внешнеторговые операции 
610 1 |a внешнеторговые договора 
610 1 |a внешнеторговые сделки 
610 1 |a документы 
610 1 |a купля-продажа 
610 1 |a коммерческие документы 
610 1 |a платежные документы 
610 1 |a страховые документы 
610 1 |a транспортные документы 
610 1 |a экспедиторские документы 
610 1 |a тесты 
610 1 |a учебные пособия 
686 |a У9(2)843я73  |v LBC/SL-A  |2 rubbk 
700 1 |a Кулешов  |b А. В.  |g Александр Викторович 
701 1 |a Желтова  |b Л. А.  |g Людмила Алексеевна 
701 1 |a Шишкина  |b О. В.  |g Ольга Владимировна 
801 1 |a RU  |b 63413507  |c 20110919 
801 2 |a RU  |b 63413507  |c 20141024  |g RCR 
900 |a Контракты в международной торговле 
942 |c BK 
951 |b 080115 
959 |a 79/20110919  |d 25  |e 370,00  |f ЧЗГЛ:1  |f АНЛ:1  |f УФ:23